Diccionario técnico de electromecánica : inglés-español
| Main Author: | |
|---|---|
| Format: | Section = Libro |
| Language: | Undetermined Spanish |
| Published: |
México
Limusa
1969
|
| Subjects: |
| LEADER | 00593nam a2200205Ia 4500 | ||
|---|---|---|---|
| 008 | 240829s9999 xx 000 0 und d | ||
| 020 | |a 968-18-0522-4 | ||
| 040 | |a BIBLIOTECA-RUPAP Ref 423.61 W426 | ||
| 041 | |a spa | ||
| 082 | |a Ref 423.61 W426 | ||
| 100 | 1 | |a Weis Ballesteros, Luis | |
| 245 | 1 | 0 | |a Diccionario técnico de electromecánica : inglés-español |
| 260 | |a México |b Limusa |c 1969 | ||
| 300 | |a 292 p. :il. | ||
| 650 | 7 | |a TECNOLOGIA-DICCIONARIO | |
| 650 | 7 | |b ELECTRICIDAD-DICCIONARIO | |
| 650 | 7 | |c MECANICA-DICCIONARIO. I. Tít. | |
| 942 | |c BK |2 ddc | ||
| 991 | |a TEXTO | ||
| 999 | |c 9298 | ||